More to shopping than bricks and mortar. (Record no. 61062)
[ view plain ]
| 000 -LEADER | |
|---|---|
| fixed length control field | 00930cam a2200181 4500 |
| 001 - CONTROL NUMBER | |
| control field | WB3524-21 |
| 008 - FIXED-LENGTH DATA ELEMENTS--GENERAL INFORMATION | |
| fixed length control field | 000000n1999 000 0 eng u |
| 035 ## - SYSTEM CONTROL NUMBER | |
| System control number | (Sirsi) u101968 |
| 245 ## - TITLE STATEMENT | |
| Title | More to shopping than bricks and mortar. |
| 260 ## - PUBLICATION, DISTRIBUTION, ETC. | |
| Date of publication, distribution, etc. | 1999 |
| 490 ## - SERIES STATEMENT | |
| Series statement | Financial Times |
| Volume/sequential designation | 21 June 1999, 10(2) |
| 520 ## - SUMMARY, ETC. | |
| Summary, etc. | The UK high street fashion group Arcadia has launched a cyber shopping mall called Zoom (http://www.zoom.co.uk). UK retailers have been slow to move into electronic commerce. Of the top 100 UK retailers only 47 have websites, and only 14 allow customers to buy goods. However the retail consultancy Verdict predicts that online sales to UK customers will rise from £406m in 1998 (0.21% of all retail business) to £6.1bn in 2003(2.5%), and that fashion will be the largest segment. |
| 650 ## - SUBJECT ADDED ENTRY--TOPICAL TERM | |
| Topical term or geographic name entry element | RETAIL |
| 650 ## - SUBJECT ADDED ENTRY--TOPICAL TERM | |
| Topical term or geographic name entry element | INTERNET |
| 650 ## - SUBJECT ADDED ENTRY--TOPICAL TERM | |
| Topical term or geographic name entry element | ELECTRONIC COMMERCE |
| 690 ## - LOCAL SUBJECT ADDED ENTRY--TOPICAL TERM (OCLC, RLIN) | |
| Topical term or geographic name as entry element | ECONOMIC AND SOCIAL |
| 942 ## - ADDED ENTRY ELEMENTS (KOHA) | |
| Suppress in OPAC | 0 |
| Withdrawn status | Lost status | Source of classification or shelving scheme | Damaged status | Not for loan | Home library | Current library | Shelving location | Date acquired | Total Checkouts | Full call number | Barcode | Date last seen | Copy number | Price effective from | Koha item type |
|---|---|---|---|---|---|---|---|---|---|---|---|---|---|---|---|
| Dewey Decimal Classification | London | London | News article | 15/11/1999 | WB3524-21 | 101968-1001 | 06/08/2019 | 1 | 06/08/2019 | News article |